• 首页
  • 本馆介绍
  • 公告通知
  • 最新文献
  • 馆藏检索
  • 电子资源
  • 读者导购
  • 参考咨询
  • 我的图书馆
  • 登录
  • 期刊详细显示
  • 现刊情况显示
  • 合订本情况显示
  • 篇目信息显示

期刊信息

  • 表格格式
  • 工作单格式
  • 卡片格式
索取号 
C5/YTDX
题名 
烟台大学学报
作者 
分册号 
分册名 
出版地 
烟台(山东)
出版者 
该刊编辑部
标准刊号 
出版频率 
季刊
中图法分类 
B
主题词 
社会科学 丛书; 社会科学 文集; 社会科学 连续出版物
电子资源 
000 01353nas0 2200397 45
001 1196010017
005 20070423144911.79
011    @d¥0.85(1990)
091    @aCN@b37-1104
100    @a19930618a19889999km 0chiy0121 eb
101 0  @achi
102    @aCN@b370000
110    @aahaz 0yu0
200 1  @a烟台大学学报@AYAN TAI DA XUE XUE BAO@i哲学社会科学版@IZHE XUE SHE HUI KE XUE BAN@dJournal of Yantai University@iPhilosophy and social science edition@zeng
207  0 @a1988,no.1(1988,3)=[总1],1988,no.2(1988)~=总2~
210    @a烟台(山东)@b烟台市烟台大学(邮码264005)@c该刊编辑部@d1988~
215    @d26cm
304    @a1988年no.1/2有并列题名:Learned journal of Yantai University
326    @a季刊@b1989~
326    @a不定期@b1988
510 1  @aJournal of Yantai University@iPhilosophy and social science edition@zeng
510 1  @aLearned journal of Yantai University@zeng
540 1  @a烟台大学 学报 哲学 社会科学@AYAN TAI DA XUE XUE BAO ZHE XUE SHE HUI KE XUE
606 0  @a社会科学@x丛书
606 0  @a社会科学@x文集
606 0  @a社会科学@x连续出版物
610 0  @a哲学@a社会科学@a大学
676    @a300@v19
676    @a100@v19
676    @a378@v19
690    @aB@v3
690    @aC@v3
690    @aC5@v4
701  0 @a杨春洗@AYANG CHUN XI@4主编
801  0 @aCN@bPFT@c20070423
905    @al@cQ@dC5@eYTDX
    
    烟台大学学报.哲学社会科学版=Journal of Yantai University.Philosophy and social science edition.-1988,no.1(1988,3)=[总1],1988,no.2(1988)~=总2~.-烟台(山东)(烟台市烟台大学(邮码264005)):该刊编辑部,1988~
    26cm
    
    
    ¥0.85(1990)
    
●
相关链接: 在易读查询期刊 在中国知网中查询期刊 在万方数据查询期刊 在维普查询期刊
唐山师范学院图书馆 欢迎您!
大连网信软件有限公司© 版权所有